Cobra Kai Never Dies - Statistics

General Stats
  • This quiz has been taken 327 times
  • The average score is 13 of 30
Answer Stats
Question Answer % Correct
True or False: Johnny apologizes to Aisha for assuming she can't be a Cobra because she is a girl. False
82%
True or False: When johnny has to leave the dojo to attend to a critically ill Tommy, he demands that Kreese exclusively use Johnny's style and teachings as the substitute sensei False
82%
True or false: In that scene, Kreese tells Johnny that because he failed his students by showing weakness, he will never be equipped to be a sensei again. False
82%
True or False: Miyagi-do technically swept the one-on-one fights in the school brawl based on how many of the main characters (Miguel, Robby, Tory, Sam, Hawk, Demetri) were still standing. True
76%
At that same party, who challenges who to a dangerous drinking game to embarrass the other: Sam or Tory? Tory
67%
During Tommy's final moments in Episode 5 prior to his passing, he tells Johnny he was once in love with who? Ali
61%
What does Aisha yell during Miguel's fight with Kyler's gang in the cafeteria (2 words)? No Mercy
55%
What Drug does the school principal tell Johnny that Robby is using, one that Johnny naively thinks is a "chic?" Molly
54%
What food does Kyler smugly refuse when he visits the Larusso's home in a scene that really squashes his character arc? Sushi
54%
What object of Miguel's does Johnny throw against the wall in the beginning of their training, which leads Miguel to complain that he has a real medical condition? Inhaler
53%
Miguel returns what WWII artifact of Miyagi's (3 words) to Sam and Miyagi-Do after it was stolen by Hawk and taken back by Miguel at Coyote Creek? Medal of Honor
52%
In the 1st episode, what's the name of Johnny's boss who fires him after he offends a demanding customer? Mike
48%
Whose birthday party does Cobra Kai crash at the beach and is a character who we never see again? Yasmine
48%
Which one of Johnny's primary students was not present when Johnny returns to the dojo from visiting Miguel at the hospital and angrily sees Kreese training his students? Aisha
46%
Hawk gets disqualified when sucker kicking Robby in the other Semifinals match. Who from Cobra Kai got disqualified with a similar infraction in the original movie? Bobby
46%
What prankster at Larusso's Auto do we never see again as he might have been exiled by his cousin Daniel? Louie
45%
What 3 words does Johnny use to motivate Hawk that prove to be critical to his psyche and arc as a character? Flip the Script
38%
In season 2 episode 2, what AC/DC song is playing when Johnny and Miguel get ready in the morning to train? Back in Black
32%
What is Johnny's favorite 80s Movie as alluded to when Johnny is contemplating training Miguel (2 words)? Iron Eagle
26%
Season 2 starts with Kreese provoking Johnny in his own dojo after Johnny leads Cobra Kai to victory at the All Valley tournament. They end up fighting and who wins? Neither
25%
In the episode "Fire & Ice" at Valley Fest, who does Hawk pull on stage from the crowd to help him with his stunt? Demitri
24%
What LA neighborhood do the Larussos live that conveys irony in that Johnny lived there in KK1? (2 words) Encino Hills
23%
When first approached by Miguel, Johnny jokes that he must be an immigrant. Miguel politely replies that he and his family just moved from what LA municipality? Riverside
22%
On their date at Golf'N'Stuff, Sam and Miguel are playing a hoops arcade game. What LA Lakers player does Sam make reference to when hitting a shot (1st and last name)? Lonzo Ball
21%
When Daniel introduces Robby to his new dojo, Robby becomes engulfed in a book about what (1 word)? Okinawa
21%
In the last summer party before school starts at the end of season 2, Hawk pours a drink on Demitri's head after Demitri tells him to find some "_ _" (2 words) Inner Peace
18%
What is the first name of the liberal snowflake fighter that a poor sport Aisha loses to in the All Valley Semifinals? Zander
18%
When telling his war stories to Cobra Kai students, Kreese fallaciously says that Mogadishu is in what country? Rwanda
16%
When Tory first visits the dojo and wants to join Cobra Kai, she is pitted in a sparring match against Miguel. In the beginning of that contest, Miguel tells Tory that she is " _" her kicks. Telegraphing
15%
After he first visits the dojo, Demitri tells Hawks that by joining Cobra Kai, he would be living like a "_" Hooker
12%
No matching quizzes found
Score Distribution
Percent of People with Each Score
Percentile by Number Answered
Your Score History
You have not taken this quiz